| 000 | 00953nam a22002057a 4500 | ||
|---|---|---|---|
| 005 | 20210325185804.0 | ||
| 008 | s2511 th tha d | ||
| 041 | _atha | ||
| 090 | _aอศ ล249อ 2511 | ||
| 245 | 1 | 0 | _aอนุสรณ์ในงานเสด็จพระราชดำเนินพระราชทานเพลิงศพ พระยาลัดพลีธรรมประคัลภ์ฯ |
| 260 | 3 |
_aพระนคร : _bโรงพิมพ์ดุสิตสัมพันธ์, _c2511 |
|
| 300 |
_a229 หน้า ; _b 25 ซม. |
||
| 650 | 0 | 4 | _aลัดพลีธรรมประคัลภ์, พระยา -- ชีวประวัติ |
| 650 | 0 | 4 | _aสูตรเว่ยหล่าง |
| 650 | 0 | 4 | _aเว่ยหล่าง -- ชีวประวัติ |
| 850 | _aNALT | ||
| 942 |
_cCRE _01 |
||
| 997 | _c000000000023865 | ||
| 998 | _aSAIPHON DEENGAM | ||
| 999 |
_c23865 _d23865 |
||